| 000 | 00436nam a2200157 i 4500 | ||
|---|---|---|---|
| 001 | 35449 | ||
| 003 | ES-MaACL | ||
| 005 | 20230906155130.0 | ||
| 007 | t| | ||
| 008 | 030213s1924 fr ||||1| fre d | ||
| 100 | 0 |
_aBouasse, H. _930820 |
|
| 245 | 1 | 0 |
_aCapillarité _b: phenomenes superficiels / _cpar Henri Pierre Maxime Bouasse. |
| 260 |
_aParis : _bDelagrave, _c1924. |
||
| 300 |
_aXXI, 432 p. ; _c25 cm. |
||
| 852 |
_aES-MaACL _jA-120 |
||
| 999 |
_c35449 _d35449 |
||